000 00573nam a22001697a 4500
005 20250118115244.0
008 250118b |||||||| |||| 00| 0 eng d
020 _a9780803603462
050 _aR123
_b.G945
100 _aGylys, Barbara A.
245 _aMedical Terminology Simplified/
_binstructor's guide for, a programmed learning approach by body systems
_cBarbara A. Gylys, Regina M. Masters
250 _a2nd ed.
260 _aPhiladelphia
_bF. A. Davis Company
_c1998
300 _aiv. 215p.
_bill.
_c28cm
700 _aMasters, Regina M.
942 _2lcc
_cBK
_e2nd ed.
_n0
999 _c2657
_d2657